000 01197nam a2200265 i 4500
001 175665
003 ES-MaACL
005 20230906215904.0
007 t|
008 101116s1994 sp ||||1| spa d
020 _a84-920152-0-9
080 _a791.41:621.397(4)
100 1 _aCuevas Puente, Antonio.
_9143946
245 1 4 _aLas relaciones entre el cinema y la televisión en España y otros países de Europa /
_cAntonio Cuevas Puente ; con la colaboración de Ramiro Gómez B. de Castro e Ignacio Faerna García-Bermejo ; e información de Bertrand E. Bagge ... [et al.].
260 _aMadrid :
_bConsejería de Educación y Cultura :
_bEGEDA,
_c1994.
300 _a259 p. ;
_c28 cm.
504 _aBibliografía: p. 259.
650 4 _aCine y televisión-
_zEuropa.
_9143951
700 0 _aGómez Bermúndez de Castro, Ramiro.
_957839
700 1 _aFaerna García-Bermejo, José María.
_9143947
700 1 _aBagge, Bertrand.
_9143948
710 0 _aMadrid (Comunidad Autónoma).
_bConsejería de Educación y Cultura.
_95601
710 2 _aEntidad de Gestión de Derechos de los Productores Audiovisuales (Madrid)
_9143949
852 _aES-MaACL
_jE-13537
_z.- Firma autógrafa del autor
999 _c175665
_d175665